Paroles - Et si tu n'existais pas ? - Joe Dassin - Statistiques

Statistiques générales
  • Ce quiz a été pris 1 335 fois
  • Le résultat moyen est 148 sur 189
Statistiques - réponses
Paroles % Correct
Et
100%
et
100%
ne
100%
pas
100%
si
100%
tu
100%
je
99%
Je
99%
n'existais
99%
moi
98%
Pour
98%
pour
98%
Dis-
96%
j'existerais ?
96%
pourquoi
96%
un
90%
la
86%
qui
86%
sans
86%
Sans
86%
toi
85%
dans
84%
Dans
84%
monde
83%
de
80%
regret
79%
Le
78%
le
78%
Comme
75%
les
72%
ce
70%
me
70%
vie,
70%
espoir
67%
du
66%
l'amour
66%
comment
65%
jour
65%
serais
64%
va
63%
te
62%
plus
61%
Que
61%
que
61%
n'en
60%
revient
60%
ses
60%
vient
59%
qu'un
58%
couleurs
57%
sous
57%
d'inventer
55%
voit
55%
Naître
54%
peintre
54%
Des
53%
doigts
53%
perdu
53%
traîner
53%
sentirais
52%
jamais
51%
point
51%
besoin
49%
J'aurais
49%
Mais
48%
mes
45%
bras
42%
regarder
42%
vrai
42%
J'essayerai
41%
créer
39%
pourrais
39%
faire
38%
Simplement
38%
crois
37%
trouvé
37%
n'aimerais
36%
d'être
35%
endormies
34%
passantes
34%
secret
34%
semblant
34%
l'aurais
32%
Aucun quiz correspondant
Distribution des résultats
% des personnes avec chaque résultat
Percentile par nombre de réponses
Votre historique - résultats
Vous n’avez pas pris ce quiz